000 00918nam a2200277Ia 4500
003 OSt
005 20220930072526.0
006 a|||||r|||| 00| 0
007 ta
008 220926b |||||||| |||| 00| 0 eng d
024 _a24532
037 _cTheses
040 _aCRL
_cCRL
_beng
041 _2eng
_aeng
100 _aRustagi Navneet
_9529966
110 _aUniversity of Delhi. Faculty of Medical Sciences. Department of Orthopaedics
_9519703
245 0 _aEvaluation of results of arthroscopic menisectomy in meniscal tears
_b A clinical study
260 _c1997
300 _a65p.
_ap.
_ccm.
650 _a MEDICINE
650 _aORTHOPEDICS
_9519704
700 _a Dr Vinod K Sharma Supervisor
_9529967
700 _aUniversity of Delhi. Faculty of Medical Sciences. Department of Orthopaedics
_9519706
942 _cDIS
_2CC
999 _c864007
_d864007